00565nam a22002057a 450000500170000001000130001702000220003003500130005203700160006504000120008108200130009310000160010624500400012226000320016227000480019430000210024250000290026365000230029265000440031520170124110110.0 aA-258227 c00.00a8170182840 aA-258227 bCen Lib/Ret aDPLbEN a920bKOH aKohli, A.B. aPresidents Of India/cby A.B. Kohli aDelhibB.R.Publishingc1986 bDelhia1, Ansari Road , Darya Ganj,e110052 a108p.:c21cm(Hb) aIncludes Bibliographical aPolitical science  aPolitical leaders xPresidents zIndia